<?xml version="1.0" encoding="UTF-8"?>
<collection xmlns="http://www.loc.gov/MARC21/slim">
 <record>
  <leader>00886nam a2200229 a 4500</leader>
  <controlfield tag="001">551956</controlfield>
  <controlfield tag="008">091108r20001997nyu           000 0 eng d</controlfield>
  <datafield tag="010" ind1=" " ind2=" ">
   <subfield code="a">58059451</subfield>
  </datafield>
  <datafield tag="020" ind1=" " ind2=" ">
   <subfield code="a">0195608097</subfield>
  </datafield>
  <datafield tag="040" ind1=" " ind2=" ">
   <subfield code="a">DLC</subfield>
   <subfield code="c">OUN</subfield>
   <subfield code="d">OCL</subfield>
   <subfield code="d">ORE</subfield>
  </datafield>
  <datafield tag="082" ind1=" " ind2=" ">
   <subfield code="a">822/.408 </subfield>
   <subfield code="2">21</subfield>
  </datafield>
  <datafield tag="100" ind1="1" ind2=" ">
   <subfield code="a">Congreve, William,</subfield>
   <subfield code="d">1670-1729.</subfield>
  </datafield>
  <datafield tag="245" ind1="1" ind2="4">
   <subfield code="a">The way of the world /</subfield>
   <subfield code="c">Edited by Kajal Sengupta</subfield>
  </datafield>
  <datafield tag="260" ind1=" " ind2=" ">
   <subfield code="a">Great Neck, N.Y. ;</subfield>
   <subfield code="a">New Delhi :</subfield>
   <subfield code="b">Oxford University Press, </subfield>
   <subfield code="c">1997.[print 2000]</subfield>
  </datafield>
  <datafield tag="300" ind1=" " ind2=" ">
   <subfield code="a">200 p. ;</subfield>
   <subfield code="c">19 cm.</subfield>
  </datafield>
  <datafield tag="500" ind1=" " ind2=" ">
   <subfield code="a">Drama</subfield>
  </datafield>
  <datafield tag="541" ind1="1" ind2=" ">
   <subfield code="e">00019507</subfield>
  </datafield>
  <datafield tag="650" ind1=" " ind2="0">
   <subfield code="a">English drama </subfield>
   <subfield code="y">17th century.</subfield>
  </datafield>
  <datafield tag="700" ind1="1" ind2=" ">
   <subfield code="a">Sengupta, Kajal </subfield>
  </datafield>
  <datafield tag="852" ind1="4" ind2=" ">
   <subfield code="a">Ayesha Abed Library </subfield>
   <subfield code="j">General Shelf.</subfield>
  </datafield>
  <datafield tag="999" ind1=" " ind2=" ">
   <subfield code="c">5259</subfield>
   <subfield code="d">5259</subfield>
  </datafield>
  <datafield tag="952" ind1=" " ind2=" ">
   <subfield code="0">0</subfield>
   <subfield code="1">0</subfield>
   <subfield code="2">ddc</subfield>
   <subfield code="4">0</subfield>
   <subfield code="6">822_408000000000000_CON</subfield>
   <subfield code="7">0</subfield>
   <subfield code="9">5104</subfield>
   <subfield code="a">BRACUL</subfield>
   <subfield code="b">BRACUL</subfield>
   <subfield code="c">GEN</subfield>
   <subfield code="d">2009-11-09</subfield>
   <subfield code="l">1</subfield>
   <subfield code="o">822.408 CON</subfield>
   <subfield code="p">3010019507</subfield>
   <subfield code="r">2014-05-14</subfield>
   <subfield code="s">2013-02-18</subfield>
   <subfield code="t">1</subfield>
   <subfield code="w">2009-11-09</subfield>
   <subfield code="y">BK</subfield>
   <subfield code="x">Transferred from ENH to Ayesha Abed library on 20/12/2023</subfield>
  </datafield>
 </record>
</collection>
